<?xml version="1.0" encoding="UTF-8"?>
<collection xmlns="http://www.loc.gov/MARC21/slim">
  <record>
    <leader>00000nam  2200000   4500</leader>
    <controlfield tag="001">INLIS000000000015931</controlfield>
    <controlfield tag="005">20231002023216</controlfield>
    <datafield tag="035" ind1="#" ind2="#">
      <subfield code="a">0010-1023000013</subfield>
    </datafield>
    <controlfield tag="007">ta</controlfield>
    <controlfield tag="008">231002################|##########|#|##</controlfield>
    <datafield tag="084" ind1="#" ind2="#">
      <subfield code="a">R 137 PIM I 2022</subfield>
    </datafield>
    <datafield tag="100" ind1=" " ind2="#">
      <subfield code="a">Mirza Sofjanhadi Mashudi</subfield>
    </datafield>
    <datafield tag="245" ind1="1" ind2="#">
      <subfield code="a">Penerapan Governansi Guna Mendorong Peningkatan Kinerja Perekonomian Nasional /</subfield>
      <subfield code="c">Mirza Sofjanhadi Mashudi</subfield>
    </datafield>
    <datafield tag="250" ind1="#" ind2="#">
      <subfield code="a">1</subfield>
    </datafield>
    <datafield tag="260" ind1="#" ind2="#">
      <subfield code="a">Jakarta :</subfield>
      <subfield code="b">Pusbangkom Pimnas dan Manajerial ASN,</subfield>
      <subfield code="c">2022</subfield>
    </datafield>
    <datafield tag="300" ind1="#" ind2="#">
      <subfield code="a">171 halaman :</subfield>
      <subfield code="b">ilus ;</subfield>
      <subfield code="c">30 cm</subfield>
    </datafield>
    <datafield tag="650" ind1="#" ind2="4">
      <subfield code="a">Perekonomian</subfield>
    </datafield>
    <datafield tag="520" ind1="#" ind2="#">
      <subfield code="a">Inisiasi penerapan governansi serta pelaporan governansi institusi peemrintah yang akan dilakukan Kemenko Perekonomian diharapkan dapat menjadi benchmark penerapannya di institusi pemerintah lainnya, baik itu Kementerian, Lembaga dan Pemerintah Daerah. Proyek ini juga diharapkan dapat menginisiasi disusunnya pedoman penyusunan laporan governansi Instansi Pemerintah. Inisiasi ini diapresiasi oleh Kementerian BUMN sebagai pembina penerapan governansi di Sektor Publik, BPKP selaku penanggung jawab penerapan Sistem Pengendalian Internal Pemerintah (SPIP) dan Ketua Komisi 1 KNKG, Prof Eko Prasojo yang berharap apa yang dilakukan Kemenko Perekonomian dapat membantu memperkenalkan governansi sektor publik yang ditetapkan di Tahun 2021.</subfield>
    </datafield>
    <datafield tag="856" ind1="#" ind2="#">
      <subfield code="a">Perpustakaan LAN Pusat</subfield>
    </datafield>
    <datafield tag="990" ind1="#" ind2="#">
      <subfield code="a">137</subfield>
    </datafield>
  </record>
</collection>
